Bioquímica médica / (Record no. 33494)

MARC details
000 -LEADER
campo de control de longitud fija 00591nam a2200205 i 4500
001 - NÚMERO DE CONTROL
campo de control 33494
003 - IDENTIFICADOR DE NÚMERO DE CONTROL
campo de control ES-MaACL
007 - CAMPO FIJO DE DESCRIPCIÓN FÍSICA--INFORMACIÓN GENERAL
campo de control de longitud fija t|
008 - DATOS DE LONGITUD FIJA--INFORMACIÓN GENERAL
campo de control de longitud fija 030202s1982 sp ||||1| spa d
020 ## - NÚMERO INTERNACIONAL ESTÁNDAR DEL LIBRO
Número Internacional Estándar del Libro 84-345-1539-3
245 00 - MENCIÓN DEL TÍTULO
Título Bioquímica médica /
Mención de responsabilidad, etc. Rex Montgomery... [et al.] ; traducción por Juan Creus... [et al.].
250 ## - MENCION DE EDICION
Mención de edición 1ª ed.
260 ## - PUBLICACIÓN, DISTRIBUCIÓN, ETC.
Lugar de publicación, distribución, etc. Barcelona, etc. :
Nombre del editor, distribuidor, etc. Salvat,
Fecha de publicación, distribución, etc. 1982.
300 ## - DESCRIPCIÓN FÍSICA
Extensión XVI, 814 p. ;
Dimensiones 26 cm.
500 ## - NOTA GENERAL
Nota general Indice.
504 ## - NOTA DE BIBLIOGRAFÍA, ETC.
Nota de bibliografía, etc. Bibliografía.
700 1# - ENTRADA AGREGADA--NOMBRE PERSONAL
Nombre de persona Montgomery, Rex.
9 (RLIN) 82634
700 1# - ENTRADA AGREGADA--NOMBRE PERSONAL
Nombre de persona Creus, Juan.
9 (RLIN) 41571
852 ## - LOCALIZACIÓN
Ubicación ES-MaACL
Número de control de estantería B-9419
Sublocalización o colección R.115084
Holdings
Estatus retirado Estado de pérdida Estado de daño No para préstamo Biblioteca de origen Biblioteca actual Ubicación en estantería Fecha de adquisición Fuente de adquisición Total de préstamos Signatura topográfica completa Código de barras Visto por última vez Precio de reemplazo Tipo de ítem Koha
        Biblioteca del Ateneo de Madrid Biblioteca del Ateneo de Madrid Sala Pardo Bazán 17/01/2008     B-9419 1034851 23/02/2023 23/02/2023 Libro impreso